Almost Adriatic Countries - Statistics

General Stats
  • This quiz has been taken 87 times
    78 since last reset
  • The average score is 9 of 11
Answer Stats
Answer % Correct
Macedonia
94%
Serbia
94%
Austria
90%
Kosovo
90%
Switzerland
90%
Hungary
85%
France
83%
San Marino
83%
Bulgaria
82%
Vatican City
82%
Turkey
59%
No matching quizzes found
Score Distribution
Percent of People with Each Score
Percentile by Number Answered
Your Score History
You have not taken this quiz since the last reset